Online
Catalog

Recueil de textes litteraires francais XVIIe siecle. (Record no. 17885)

MARC details
000 -CABECERA
campo de control de longitud fija 00616cam a2200193u 4500
001 - NÚMERO DE CONTROL
campo de control 000018364
005 - FECHA Y HORA DE LA ÚLTIMA TRANSACCIÓN
campo de control 20200929165456.0
008 - DATOS DE LONGITUD FIJA--INFORMACIÓN GENERAL
campo de control de longitud fija 840713s1966 fr abc 000 0 fre
010 ## - NÚMERO DE CONTROL DE LA BIBLIOTECA DEL CONGRESO
Número de control de LC 66008395
040 ## - FUENTE DE LA CATALOGACIÓN
Centro catalogador/agencia de origen DO-SdBNP
Centro/agencia transcriptor CarP
Centro/agencia modificador DLC
050 00 - SIGNATURA TOPOGRÁFICA DE LA BIBLIOTECA DEL CONGRESO
Número de clasificación PQ1126
Número de documento/Ítem .C53
100 1# - ENTRADA PRINCIPAL--NOMBRE DE PERSONA
Nombre de persona Chassang, Arsene.
9 (RLIN) 39544
245 10 - MENCIÓN DE TÍTULO
Título Recueil de textes litteraires francais XVIIe siecle.
260 ## - PUBLICACIÓN, DISTRIBUCIÓN, ETC.
Lugar de publicación, distribución, etc. Paris, :
Nombre del editor, distribuidor, etc. Hachette,
Fecha de publicación, distribución, etc. [1966].
300 ## - DESCRIPCIÓN FÍSICA
Extensión 447 p. :
Otras características físicas illus., maps (1 col.) ports. ;
Dimensiones 24 cm.
650 #0 - PUNTO DE ACCESO ADICIONAL DE MATERIA--TÉRMINO DE MATERIA
Término de materia o nombre geográfico como elemento de entrada French literature
Subdivisión cronológica 17th century.
9 (RLIN) 39770
700 1# - PUNTO DE ACCESO ADICIONAL--NOMBRE DE PERSONA
Nombre de persona Senninger, Charles.
9 (RLIN) 39545
910 ## - DATOS DE OPCIÓN DEL USUARIO (OCLC)
Datos de opción del usuario Catalogación por derivada / LC
Holdings
Estado de retiro Estado de pérdida Restricciones de uso No para préstamo Código de colección Localización permanente Ubicación/localización actual Ubicación en estantería Fecha de adquisición Número de inventario Total de préstamos Signatura topográfica completa Código de barras Fecha visto por última vez Precio válido a partir de Tipo de ítem Koha
      Excluido de préstamo Monografías: Libros y Folletos General General En catalogación 30.04.2010 LF1   18364-10 25.06.2020 25.06.2020 No se presta

Powered by Koha